00522nam a2200181 a 450000100060000000300090000600800410001502000150005604000280007108200180009910000350011724500590015226000390021130000110025065000240026165000240028565000310030915032CO-ViMGA141112s2004 ck r 000 u spa d a9589704700 aCO-ViMGAbspacCO-ViMGA04a370.1951 N6711 aAvellaneda Bautista, Absalón10aNotas sobre comunidad educativa y cotidianidad escolar aBtá Universidad Nacional, c2001 a176.p.14aCOMUNIDAD EDUCATIVA14aCOMUNIDAD Y ESCUELA14aDESARROLLO DE LA COMUNIDAD